00310nam a2200121Ia 4500008004100000082001400041100002500055245002200080260003600102365000600138630002200144730002200166100415s9999 xx 000 0 und d b8108a920 aBates Marston (ed.) aThe Darwin Reader aLONDONc1957bMACMILLAN AND CO. b0 aThe Darwin Reader aThe Darwin Reader